Punisher - Phoebe Bridgers (Lyrics) - Statistics

General Stats
  • This quiz has been taken 7 times
  • The average score is 211 of 213
Answer Stats
Answer % Correct
a
100%
A
100%
all
100%
alone
100%
And
100%
and
100%
angry
100%
are
100%
at
100%
bad
100%
bar
100%
best
100%
But
100%
by
100%
can't
100%
caught
100%
chemical
100%
copycat
100%
could
100%
cut
100%
Dianetics
100%
drugstores
100%
East
100%
Either
100%
even
100%
ever
100%
everyone
100%
face
100%
feel
100%
for
100%
forget
100%
from
100%
funds
100%
get
100%
go
100%
good
100%
Hear
100%
heart
100%
here
100%
hide
100%
house
100%
how
100%
I
100%
if
100%
If
100%
I'm
100%
in
100%
it's
100%
It's
100%
just
100%
kicks
100%
killer
100%
know
100%
knows
100%
like
100%
lived
100%
looking
100%
love
100%
Man
100%
many
100%
met
100%
Most
100%
mouth
100%
moved
100%
much
100%
my
100%
never
100%
night
100%
not
100%
nothing
100%
of
100%
on
100%
only
100%
open
100%
or
100%
place
100%
plain
100%
punishers
100%
real
100%
reason
100%
right
100%
roof
100%
same
100%
say
100%
she
100%
show
100%
side
100%
sight
100%
Snow
100%
so
100%
some
100%
speed
100%
store
100%
stories
100%
storybook
100%
stucco
100%
swear
100%
sweet
100%
talk
100%
that
100%
that's
100%
the
100%
The
100%
thing's
100%
thought
100%
tiles
100%
times
100%
to
100%
told
100%
too
100%
trust
100%
walk
100%
wanna
100%
way
100%
we
100%
were
100%
What
100%
When
100%
when
100%
where
100%
White
100%
Who
100%
window
100%
wish
100%
with
100%
wonder
100%
worst
100%
you
100%
you?
100%
your
100%
you're
100%
'Cause
75%
favourite
75%
start
75%
stop
75%
Wouldn't
75%
jealous
0%
No matching quizzes found
Score Distribution
Percent of People with Each Score
Percentile by Number Answered
Your Score History
You have not taken this quiz